[Event "Capablanca Memorial op-B 45th"]
[Site "Havana"]
[Date "2011.05.17"]
[Round "6"]
[White "Hernandez Copin, Elvis"]
[Black "Montero Fernandez, Reynier"]
[Result "0-1"]
[WhiteElo "2244"]
[BlackElo "2205"]
[PlyCount "46"]
[EventDate "2011.05.11"]
[EventType "swiss"]
[EventRounds "7"]
[EventCountry "CUB"]
[SourceTitle "CBM 142 Extra"]
[Source "ChessBase"]
[SourceDate "2011.06.27"]
[SourceVersion "1"]
[SourceVersionDate "2011.06.27"]
[SourceQuality "1"]

1. e4 c5 2. Nf3 Nc6 3. d4 cxd4 4. Nxd4 Nf6 5. Nc3 d6 6. f3 e6 7. Be3 Be7 8. Qd2 Nxd4 9. Qxd4 0-0 10. 0-0-0 Qa5 11. g4 a6 12. g5 Nd7 13. h4 b5 14. Kb1 Bb7 15. Qd2 b4 16. Ne2 Rfd8 17. Nf4 Rab8 18. Qg2 Rdc8 19. Nh5 Kh8 20. Bd3 Nc5 21. Bxc5 Qxc5 22. Nf4 a5 23. g6 Qe5 0-1

[Event "Havana Province-ch final"]
[Site "Havana"]
[Date "2010.10.28"]
[Round "11"]
[White "Montero Fernandez, Reynier"]
[Black "Vargas Rodriguez, Wilver"]
[Result "1/2-1/2"]
[WhiteElo "2164"]
[BlackElo "2077"]
[PlyCount "34"]
[EventDate "2010.10.18"]
[EventType "tourn"]
[EventRounds "11"]
[EventCountry "CUB"]
[SourceTitle "EXT 2019"]
[Source "ChessBase"]
[SourceDate "2018.10.10"]
[SourceVersion "1"]
[SourceVersionDate "2018.10.10"]
[SourceQuality "1"]

1. d4 Nf6 2. Nf3 e6 3. g3 b6 4. Bg2 Bb7 5. 0-0 Be7 6. c4 0-0 7. Nc3 Ne4 8. Qc2 Nxc3 9. bxc3 f5 10. Qb3 d6 11. c5 Bd5 12. c4 Be4 13. cxd6 cxd6 14. Nd2 Bxg2 15. Kxg2 Nd7 16. Ba3 Kh8 17. Rfd1 Nf6 1/2-1/2

[Event "Havana Province-ch final"]
[Site "Havana"]
[Date "2010.10.22"]
[Round "5"]
[White "Salgado Segui, Roberto"]
[Black "Montero Fernandez, Reynier"]
[Result "0-1"]
[WhiteElo "2195"]
[BlackElo "2164"]
[PlyCount "120"]
[EventDate "2010.10.18"]
[EventType "tourn"]
[EventRounds "11"]
[EventCountry "CUB"]
[SourceTitle "EXT 2019"]
[Source "ChessBase"]
[SourceDate "2018.10.10"]
[SourceVersion "1"]
[SourceVersionDate "2018.10.10"]
[SourceQuality "1"]

1. e4 a6 2. d4 e6 3. Nf3 d5 4. e5 c5 5. c3 Nc6 6. Be2 Nge7 7. Na3 cxd4 8. cxd4 Nf5 9. Nc2 Be7 10. 0-0 Bd7 11. Ne3 g6 12. Nxf5 gxf5 13. Bh6 Rg8 14. Rc1 Qb6 15. Qd2 0-0-0 16. a3 Kb8 17. b4 Na7 18. Bg5 Bxg5 19. Nxg5 Rg7 20. Nf3 Bb5 21. Rc5 Bxe2 22. Qxe2 Nb5 23. Qb2 Rdg8 24. g3 Na7 25. a4 Rc8 26. Rfc1 Rc6 27. R1c2 Rg8 28. Ne1 Rxc5 29. dxc5 Qc6 30. Nf3 Qxa4 31. Nd4 Nc6 32. Rc1 Nxd4 33. Qxd4 Rg4 34. f4 Qb5 35. Ra1 h5 36. Ra5 Qe2 37. c6 Qe1+ 38. Kg2 Qe4+ 39. Qxe4 fxe4 40. cxb7 Kxb7 41. b5 axb5 42. Rxb5+ Kc7 43. Ra5 Kb6 44. Ra8 h4 45. Kf2 hxg3+ 46. hxg3 Kc5 47. Ra7 Rg7 48. f5 Rg5 49. f6 Rxe5 50. Rxf7 Rf5+ 51. Ke2 d4 52. g4 Rf4 53. g5 Kd5 54. g6 d3+ 55. Kd2 Rf2+ 56. Kd1 e3 57. Rd7+ Ke4 58. Kc1 Rxf6 59. g7 Rg6 60. Re7 Ke5 0-1

[Event "Agosto de Victorias-A 4th"]
[Site "Havana"]
[Date "2010.08.06"]
[Round "5"]
[White "Fernandez Cardoso, Alexey"]
[Black "Montero Fernandez, Reynier"]
[Result "1-0"]
[WhiteElo "2406"]
[BlackElo "2154"]
[PlyCount "99"]
[EventDate "2010.08.02"]
[EventType "tourn"]
[EventRounds "10"]
[EventCountry "CUB"]
[EventCategory "2"]
[SourceTitle "EXT 2012"]
[Source "ChessBase"]
[SourceDate "2011.11.24"]
[SourceVersion "1"]
[SourceVersionDate "2011.11.24"]
[SourceQuality "1"]

1. e4 c5 2. Nf3 Nc6 3. d4 cxd4 4. Nxd4 Nf6 5. Nc3 d6 6. Bc4 Qb6 7. Nxc6 bxc6 8. 0-0 g6 9. Qe1 Nd7 10. Na4 Qc7 11. Qc3 Nf6 12. f4 Bg7 13. e5 Ne4 14. Qf3 d5 15. Bd3 Qa5 16. b3 f5 17. Qe2 0-0 18. c4 Ba6 19. Ba3 Rfe8 20. Qc2 e6 21. Rad1 Bf8 22. Bxf8 Kxf8 23. Bxe4 fxe4 24. Qf2 Kg8 25. Nc5 Rad8 26. h4 Bc8 27. h5 Qc7 28. b4 Rf8 29. Qh4 Rde8 30. Rde1 Rf7 31. Re3 Qe7 32. Qh2 Rg7 33. hxg6 Rxg6 34. cxd5 cxd5 35. Rh3 Rf8 36. Kh1 Rf7 37. Rb3 a5 38. a3 axb4 39. axb4 Bd7 40. Ra1 Bc8 41. Ra8 Rf8 42. Rba3 e3 43. Rxe3 d4 44. Rea3 Bd7 45. Nxd7 Rxa8 46. Rxa8+ Kg7 47. Nc5 Qf7 48. Ra3 Qf5 49. Ra7+ Kf8 50. Qxh7 1-0

[Event "Havana UCI op 8th"]
[Site "Havana"]
[Date "2009.11.13"]
[Round "9"]
[White "Infante Machin, Brian Jose"]
[Black "Montero Fernandez, Reynier"]
[Result "1/2-1/2"]
[WhiteElo "2160"]
[BlackElo "2261"]
[PlyCount "79"]
[EventDate "2009.11.04"]
[EventType "swiss"]
[EventRounds "9"]
[EventCountry "CUB"]
[SourceTitle "EXT 2011"]
[Source "ChessBase"]
[SourceDate "2010.11.26"]
[SourceVersion "1"]
[SourceVersionDate "2010.11.26"]
[SourceQuality "1"]

1. d4 d5 2. Nf3 Nf6 3. c4 c6 4. e3 e6 5. Bd3 Nbd7 6. Nbd2 Be7 7. b3 0-0 8. Bb2 b6 9. 0-0 Bb7 10. Ne5 Rc8 11. f4 c5 12. cxd5 Nxd5 13. Qe2 Nb4 14. Bc4 cxd4 15. exd4 Nxe5 16. fxe5 b5 17. Bd3 Nxd3 18. Qxd3 Qd5 19. Nf3 Rc7 20. Rac1 Rfc8 21. Rxc7 Rxc7 22. Rc1 Rxc1+ 23. Bxc1 h6 24. Qc2 Qc6 25. Qxc6 Bxc6 26. Be3 Bd5 27. Bd2 Ba3 28. Kf2 Kf8 29. Ke3 g5 30. Ne1 Kg7 31. Kd3 Be7 32. g3 Kg6 33. Nc2 f5 34. exf6 Kxf6 35. Ne3 Bf3 36. Bc3 Bd6 37. a4 a6 38. axb5 axb5 39. b4 h5 40. Be1 1/2-1/2

[Event "Havana UCI op 8th"]
[Site "Havana"]
[Date "2009.11.12"]
[Round "8"]
[White "Montero Fernandez, Reynier"]
[Black "Lemes Rosales, Lazaro"]
[Result "1/2-1/2"]
[WhiteElo "2261"]
[BlackElo "2179"]
[PlyCount "57"]
[EventDate "2009.11.04"]
[EventType "swiss"]
[EventRounds "9"]
[EventCountry "CUB"]
[SourceTitle "EXT 2011"]
[Source "ChessBase"]
[SourceDate "2010.11.26"]
[SourceVersion "1"]
[SourceVersionDate "2010.11.26"]
[SourceQuality "1"]

1. e4 e5 2. Nf3 Nc6 3. Bb5 a6 4. Bxc6 dxc6 5. d4 exd4 6. Qxd4 Qxd4 7. Nxd4 Bd7 8. Nc3 0-0-0 9. Be3 Bb4 10. Nde2 Ne7 11. 0-0-0 Ng6 12. a3 Bd6 13. Na4 Kb8 14. Nc5 Bc8 15. Nd3 Rhe8 16. Nc3 f6 17. Bc5 b6 18. Bxd6 cxd6 19. f3 Kc7 20. Rhe1 f5 21. g3 fxe4 22. Rxe4 d5 23. Rxe8 Rxe8 24. Kd2 Ne5 25. Nxe5 Rxe5 26. Re1 Kd6 27. Rxe5 Kxe5 28. Na4 b5 29. Nc3 1/2-1/2

[Event "Havana UCI op 8th"]
[Site "Havana"]
[Date "2009.11.10"]
[Round "6"]
[White "Montero Fernandez, Reynier"]
[Black "Fernandez Guillen, Ernesto J"]
[Result "1/2-1/2"]
[WhiteElo "2261"]
[BlackElo "2228"]
[PlyCount "114"]
[EventDate "2009.11.04"]
[EventType "swiss"]
[EventRounds "9"]
[EventCountry "CUB"]
[SourceTitle "EXT 2011"]
[Source "ChessBase"]
[SourceDate "2010.11.26"]
[SourceVersion "1"]
[SourceVersionDate "2010.11.26"]
[SourceQuality "1"]

1. e4 e5 2. Nf3 Nc6 3. d4 exd4 4. Nxd4 Nf6 5. Nxc6 bxc6 6. e5 Qe7 7. Qe2 Nd5 8. c4 Qb4+ 9. Nd2 Nf4 10. Qe4 Ne6 11. g3 Bb7 12. a3 Qb6 13. Bg2 Rb8 14. 0-0 c5 15. Qd3 Bxg2 16. Kxg2 Nd4 17. Ne4 Qg6 18. Bd2 Rb3 19. Bc3 Be7 20. Rad1 Qc6 21. f3 0-0 22. Nd2 Rb6 23. Bxd4 cxd4 24. b4 Qa4 25. c5 Rh6 26. Qxd4 d6 27. Ne4 Rd8 28. cxd6 cxd6 29. Nxd6 Bxd6 30. exd6 Rhxd6 31. Qxd6 Rxd6 32. Rxd6 h5 33. Rd8+ Kh7 34. Rd5 Qxa3 35. Rxh5+ Kg6 36. Rh4 a5 37. bxa5 Qxa5 38. Rg4+ Kh7 39. Re4 g6 40. h4 Kg7 41. Rf2 Qc5 42. Rfe2 Qd5 43. g4 Qd3 44. g5 Qd5 45. Re7 Qc4 46. R2e4 Qc2+ 47. Kg3 Qc5 48. Re2 Qg1+ 49. Rg2 Qd1 50. Re4 Qd6+ 51. Kf2 Qd2+ 52. Re2 Qd4+ 53. Kg3 Qd6+ 54. Kh3 Qd7+ 55. Rg4 Qd1 56. Rgg2 Qd7+ 57. Kg3 Qd6+ 1/2-1/2

[Event "Havana Province-ch final 1st Cat"]
[Site "San Nicolas de Bari"]
[Date "2009.10.11"]
[Round "9"]
[White "Vitier Vazquez, Cristian"]
[Black "Montero Fernandez, Reynier"]
[Result "0-1"]
[WhiteElo "2094"]
[BlackElo "2133"]
[PlyCount "116"]
[EventDate "2009.10.05"]
[EventType "tourn"]
[EventRounds "11"]
[EventCountry "CUB"]
[SourceTitle "EXT 2019"]
[Source "ChessBase"]
[SourceDate "2018.10.10"]
[SourceVersion "1"]
[SourceVersionDate "2018.10.10"]
[SourceQuality "1"]

1. e4 c5 2. Nf3 Nc6 3. d4 cxd4 4. Nxd4 Nf6 5. Nc3 d6 6. Bg5 e6 7. Qd2 Be7 8. 0-0-0 0-0 9. f3 d5 10. Be3 dxe4 11. Qe1 Nxd4 12. Bxd4 Qa5 13. fxe4 Bc5 14. Bxf6 gxf6 15. Kb1 Bb4 16. Rd3 Kh8 17. Rh3 Qg5 18. Bd3 Rg8 19. Rf1 Rg6 20. Rhf3 Kg7 21. h4 Qe5 22. a3 Bxc3 23. Qxc3 Qxc3 24. bxc3 h5 25. Kb2 Bd7 26. R1f2 Rc8 27. Rf4 e5 28. R4f3 Bg4 29. Re3 Kf8 30. Re1 Ke7 31. Ref1 Rc6 32. Re1 Rg8 33. Ref1 Rgc8 34. c4 Rd8 35. Kb3 Rd4 36. Kb2 b6 37. Kb3 Rd8 38. Kb2 Rg8 39. Kb1 Rg6 40. Kb2 Be6 41. Be2 Bxc4 42. Bxh5 Rh6 43. Be2 Bxe2 44. Rxe2 Rxh4 45. Rf3 Rc4 46. Ref2 Rhxe4 47. Rxf6 Rf4 48. R6xf4 Rxf4 49. Rd2 Ke6 50. Kb3 Rd4 51. c3 Rd5 52. Kc4 Ra5 53. Kb4 f5 54. c4 Rc5 55. Rd3 e4 56. Rd8 Ke5 57. Re8+ Kd4 58. Rd8+ Ke3 0-1

[Event "Havana Province-ch final 1st Cat"]
[Site "San Nicolas de Bari"]
[Date "2009.10.07"]
[Round "4"]
[White "Vargas Rodriguez, Wilver"]
[Black "Montero Fernandez, Reynier"]
[Result "0-1"]
[WhiteElo "2013"]
[BlackElo "2133"]
[PlyCount "98"]
[EventDate "2009.10.05"]
[EventType "tourn"]
[EventRounds "11"]
[EventCountry "CUB"]
[SourceTitle "EXT 2019"]
[Source "ChessBase"]
[SourceDate "2018.10.10"]
[SourceVersion "1"]
[SourceVersionDate "2018.10.10"]
[SourceQuality "1"]

1. e4 c5 2. Nc3 Nc6 3. g3 g6 4. Bg2 Bg7 5. Nge2 d6 6. d3 e6 7. 0-0 Nge7 8. Be3 Nd4 9. f4 0-0 10. Qd2 Rb8 11. Rab1 Nec6 12. Nd1 Bd7 13. c3 Nxe2+ 14. Qxe2 b6 15. h4 f5 16. h5 Qe7 17. Bf3 Rbc8 18. Qh2 Bf6 19. hxg6 hxg6 20. exf5 gxf5 21. g4 fxg4 22. Qg2 d5 23. Nf2 Rf7 24. Nxg4 Rg7 25. Kf2 d4 26. Bd2 Bh4+ 27. Ke2 e5 28. Bd5+ Kh8 29. f5 e4 30. dxe4 Ne5 31. Rf4 d3+ 32. Kd1 Qg5 33. Qh3 Nxg4 34. Rf1 Qh5 35. Kc1 Nf6 36. Qxd3 Bg5 37. Kc2 Rh7 38. Rh1 Bh4 39. Be1 Qg4 40. Bxh4 Rxh4 41. Rbg1 Qh5 42. Bf7 Rh2+ 43. Kc1 Rxh1 44. Bxh5 Rxg1+ 45. Bd1 Rg4 46. Qh3+ Kg7 47. Kd2 Rf4 48. Qh2 Rf2+ 49. Qxf2 Nxe4+ 0-1

[Event "Havana Province-ch final 1st Cat"]
[Site "San Nicolas de Bari"]
[Date "2009.10.06"]
[Round "2"]
[White "Olivares Canelles, Francisco"]
[Black "Montero Fernandez, Reynier"]
[Result "1-0"]
[WhiteElo "2358"]
[BlackElo "2133"]
[PlyCount "77"]
[EventDate "2009.10.05"]
[EventType "tourn"]
[EventRounds "11"]
[EventCountry "CUB"]
[SourceTitle "EXT 2019"]
[Source "ChessBase"]
[SourceDate "2018.10.10"]
[SourceVersion "1"]
[SourceVersionDate "2018.10.10"]
[SourceQuality "1"]

1. d4 d5 2. c4 c6 3. Nf3 Nf6 4. Nc3 e6 5. e3 Nbd7 6. Be2 dxc4 7. Bxc4 b5 8. Bd3 a6 9. 0-0 Bb7 10. a3 c5 11. Qe2 Be7 12. Rd1 Qc7 13. Bc2 Rc8 14. dxc5 Nxc5 15. e4 0-0 16. Nd4 Rfd8 17. f3 Ncd7 18. Be3 Ne5 19. Bb3 Nc4 20. Ndxb5 axb5 21. Nxb5 Nxe3 22. Nxc7 Nxd1 23. Nxe6 fxe6 24. Bxe6+ Kf8 25. Rxd1 Rxd1+ 26. Qxd1 Rd8 27. Qc1 Rd6 28. Bb3 Rc6 29. Qf4 Bc5+ 30. Kf1 Rb6 31. e5 Rxb3 32. exf6 Ba6+ 33. Ke1 Rxb2 34. Qc7 Bf2+ 35. Kd1 gxf6 36. Qd6+ Kg7 37. Qxa6 Bg1 38. f4 Bxh2 39. Qa7+ 1-0

[Event "Havana Province-ch final 1st Cat"]
[Site "San Nicolas de Bari"]
[Date "2009.10.05"]
[Round "1"]
[White "Montero Fernandez, Reynier"]
[Black "Soto Hernandez, Henry"]
[Result "1-0"]
[WhiteElo "2133"]
[BlackElo "2320"]
[PlyCount "83"]
[EventDate "2009.10.05"]
[EventType "tourn"]
[EventRounds "11"]
[EventCountry "CUB"]
[SourceTitle "EXT 2019"]
[Source "ChessBase"]
[SourceDate "2018.10.10"]
[SourceVersion "1"]
[SourceVersionDate "2018.10.10"]
[SourceQuality "1"]

1. d4 Nf6 2. Nf3 g6 3. Nbd2 d5 4. e3 Bg7 5. Be2 0-0 6. 0-0 c5 7. c4 cxd4 8. Nxd4 Nc6 9. N2f3 Bd7 10. cxd5 Nxd5 11. Qb3 Nb6 12. Bd2 Nxd4 13. exd4 Be6 14. Qb4 Bd5 15. Rac1 Qd7 16. Be3 Rfc8 17. b3 Qe6 18. Qa5 h6 19. Rc5 Rd8 20. Rfc1 Kh7 21. Kf1 Rd6 22. Rd1 Nd7 23. Rcc1 Qf5 24. Qc7 Nf6 25. Qxe7 Re6 26. Qc7 g5 27. Ne5 Rae8 28. g4 Nxg4 29. Bxg4 Qe4 30. Bxe6 Rxe6 31. Qc2 f5 32. Qxe4 Bxe4 33. f4 Ra6 34. a4 b5 35. axb5 Ra2 36. Rd2 Ra3 37. Rc7 Rxb3 38. fxg5 hxg5 39. Bxg5 Kg8 40. Rg2 f4 41. Bxf4 Rxb5 42. Rgxg7+ 1-0

[Event "Havana Province-ch final"]
[Site "San Nicolas de Bari"]
[Date "2007.10.12"]
[Round "5"]
[White "Montero Fernandez, Reynier"]
[Black "Coto Mederos, Michel"]
[Result "1/2-1/2"]
[WhiteElo "2172"]
[BlackElo "2281"]
[PlyCount "36"]
[EventDate "2007.10.07"]
[EventType "tourn"]
[EventRounds "11"]
[EventCountry "CUB"]
[SourceTitle "EXT 2019"]
[Source "ChessBase"]
[SourceDate "2018.10.10"]
[SourceVersion "1"]
[SourceVersionDate "2018.10.10"]
[SourceQuality "1"]

1. e4 e5 2. Nf3 Nc6 3. Bb5 a6 4. Ba4 Nf6 5. 0-0 b5 6. Bb3 Bc5 7. c3 d6 8. d4 Bb6 9. dxe5 Nxe5 10. Nxe5 dxe5 11. Qxd8+ Kxd8 12. Bg5 Ke7 13. Nd2 Be6 14. Rfe1 h6 15. Be3 Bxe3 16. Rxe3 Rhd8 17. Re2 Rd6 18. f3 Rad8 1/2-1/2

[Event "Havana Province-ch final"]
[Site "San Nicolas de Bari"]
[Date "2007.10.12"]
[Round "4"]
[White "Salgado Segui, Roberto"]
[Black "Montero Fernandez, Reynier"]
[Result "1-0"]
[WhiteElo "2118"]
[BlackElo "2172"]
[PlyCount "85"]
[EventDate "2007.10.07"]
[EventType "tourn"]
[EventRounds "11"]
[EventCountry "CUB"]
[SourceTitle "EXT 2019"]
[Source "ChessBase"]
[SourceDate "2018.10.10"]
[SourceVersion "1"]
[SourceVersionDate "2018.10.10"]
[SourceQuality "1"]

1. Nf3 d5 2. d4 Nf6 3. e3 c6 4. Bd3 Bg4 5. c4 e6 6. Qb3 Qb6 7. c5 Qxb3 8. axb3 Bxf3 9. gxf3 e5 10. Rg1 g6 11. b4 exd4 12. exd4 Bg7 13. Bf4 Nh5 14. Be3 f5 15. Bxf5 gxf5 16. Rg5 0-0 17. Rxh5 f4 18. Bd2 Bxd4 19. Bc3 Bxc3+ 20. Nxc3 Na6 21. Ra4 Rae8+ 22. Kd2 Rf7 23. Rh6 Re5 24. Rh4 h5 25. Ne2 Ref5 26. Nd4 Rg5 27. Kc3 Rf6 28. Ra1 Kf7 29. Re1 Nc7 30. Kd3 a6 31. Nb3 Ne6 32. Na5 Nd8 33. Kc3 Rgf5 34. Nb3 Ne6 35. Na5 Nd8 36. Nb3 Rg5 37. Nd4 Kf8 38. Kd3 Kf7 39. Kc3 Kf8 40. Kd3 Rf7 41. Re6 Rg2 42. Rd6 Ke8 43. Rxh5 1-0

[Event "Havana Provincial-B"]
[Site "Havana"]
[Date "1999.??.??"]
[Round "?"]
[White "Hernandez Carmenates, Holden"]
[Black "Montero Fernandez, Reynier"]
[Result "1-0"]
[WhiteElo "2325"]
[BlackElo "2261"]
[PlyCount "93"]
[EventDate "1999.??.??"]
[EventType "tourn"]
[EventRounds "14"]
[EventCountry "CUB"]
[SourceTitle "EXT 2000"]
[Source "ChessBase"]
[SourceDate "1999.11.16"]
[SourceVersion "1"]
[SourceVersionDate "1999.11.16"]
[SourceQuality "1"]

1. e4 c5 2. Nf3 Nc6 3. d4 cxd4 4. Nxd4 Nf6 5. Nc3 d6 6. Bc4 e5 7. Nde2 Be6 8. Bb3 Be7 9. 0-0 Na5 10. Bg5 Nxb3 11. axb3 0-0 12. Qd3 a6 13. Bxf6 Bxf6 14. Nd5 Bg5 15. c4 f5 16. Nec3 g6 17. b4 Rf7 18. f3 Bh6 19. b3 Bf8 20. b5 Qh4 21. Ra2 Rb8 22. bxa6 bxa6 23. b4 Bc8 24. Rb1 Bb7 25. b5 axb5 26. cxb5 Kg7 27. Ra4 Qd8 28. Rc4 Rc8 29. Ra1 Be7 30. b6 fxe4 31. fxe4 Rxc4 32. Qxc4 Bg5 33. Qd3 Qc8 34. Nc7 Rxc7 35. bxc7 Qxc7 36. Rf1 Qc5+ 37. Kh1 Be3 38. Nd5 Bxd5 39. exd5 Qd4 40. Qb5 Bf4 41. Qd7+ Kh6 42. Qxd6 Qd3 43. Rg1 Qd4 44. Qf8+ Kg5 45. Qe7+ Kh6 46. d6 e4 47. Qh4+ 1-0

[Event "Havana Provincial-B"]
[Site "Havana"]
[Date "1999.??.??"]
[Round "?"]
[White "Montero Fernandez, Reynier"]
[Black "Diaz, Dagoberto"]
[Result "1-0"]
[WhiteElo "2261"]
[BlackElo "2210"]
[PlyCount "145"]
[EventDate "1999.??.??"]
[EventType "tourn"]
[EventRounds "14"]
[EventCountry "CUB"]
[SourceTitle "EXT 2000"]
[Source "ChessBase"]
[SourceDate "1999.11.16"]
[SourceVersion "1"]
[SourceVersionDate "1999.11.16"]
[SourceQuality "1"]

1. e4 c5 2. Nf3 Nc6 3. Bb5 g6 4. 0-0 Bg7 5. c3 Nf6 6. Re1 0-0 7. h3 d6 8. d4 cxd4 9. cxd4 d5 10. e5 Ne4 11. Bxc6 bxc6 12. Nbd2 Bf5 13. Nb3 f6 14. Be3 g5 15. exf6 exf6 16. Rc1 Qb6 17. Re2 Rfe8 18. Ne1 Bf8 19. Nd3 Bd6 20. Nbc5 Rac8 21. Nxe4 Bxe4 22. f3 Bf5 23. Bf2 Rxe2 24. Qxe2 Qa6 25. Rd1 Qxa2 26. g4 Bd7 27. Nc5 Re8 28. Qc2 Bc8 29. h4 Qa5 30. Kg2 Kg7 31. Rh1 h6 32. h5 f5 33. gxf5 Kf6 34. Nd3 Bxf5 35. Qxc6 Re6 36. Ne5 Qc7 37. Qxd5 Bxe5 38. dxe5+ Kf7 39. Ra1 a6 40. Rxa6 Qxe5 41. Qxe5 Rxe5 42. Rxh6 Re2 43. Rb6 g4 44. fxg4 Bxg4 45. h6 Bf5 46. Kf3 Re8 47. Bd4 Kg8 48. Kf4 Bd3 49. Be5 Kh7 50. Bg7 Re4+ 51. Kg5 Re2 52. Rb8 Rg2+ 53. Kf6 Rf2+ 54. Ke6 Bc4+ 55. Kd6 Rf5 56. b4 Bd3 57. Ke6 Rh5 58. Rd8 Bb1 59. Rd4 Bc2 60. Kd6 Rb5 61. Kc6 Ba4 62. Kc7 Bc2 63. Rf4 Bd3 64. Kc6 Rh5 65. Rd4 Bf1 66. Rd1 Be2 67. Rd2 Bf1 68. Rf2 Bd3 69. Bf8 Bc4 70. Rc2 Bd3 71. Rc5 Rh2 72. b5 Rb2 73. b6 1-0

[Event "Havana Provincial-B"]
[Site "Havana"]
[Date "1999.??.??"]
[Round "?"]
[White "Montero Fernandez, Reynier"]
[Black "Hernandez Carmenates, Holden"]
[Result "0-1"]
[WhiteElo "2261"]
[BlackElo "2325"]
[PlyCount "94"]
[EventDate "1999.??.??"]
[EventType "tourn"]
[EventRounds "14"]
[EventCountry "CUB"]
[SourceTitle "EXT 2000"]
[Source "ChessBase"]
[SourceDate "1999.11.16"]
[SourceVersion "1"]
[SourceVersionDate "1999.11.16"]
[SourceQuality "1"]

1. e4 c5 2. Nf3 d6 3. Bb5+ Nd7 4. 0-0 Ngf6 5. Re1 a6 6. Bf1 b6 7. c4 e5 8. Nc3 Be7 9. g3 0-0 10. Bg2 Bb7 11. d3 Re8 12. Rb1 Qc7 13. Nh4 g6 14. Bh3 Bc6 15. a4 Bf8 16. Ng2 Qd8 17. Bd2 Bg7 18. Ne3 Nf8 19. Bg2 Ne6 20. Ned5 Nd4 21. b4 Nxd5 22. Nxd5 h6 23. f4 exf4 24. Bxf4 Qd7 25. Bxh6 Bxd5 26. Bxg7 Kxg7 27. cxd5 Qe7 28. Rf1 Rab8 29. Rf2 Qe5 30. Rfb2 b5 31. axb5 Nxb5 32. Qd2 Qd4+ 33. Kf1 Nc3 34. Ra1 cxb4 35. Rxa6 Ra8 36. Rxa8 Rxa8 37. Bf3 Ra1+ 38. Kg2 Rg1+ 39. Kh3 Kg8 40. Qg5 Nd1 41. Qd8+ Kg7 42. Rb3 Nf2+ 43. Kh4 Qe3 44. Qg5 Qxf3 45. e5 Rg2 46. Qf6+ Qxf6+ 47. exf6+ Kh6 0-1

[Event "Havana Provincial-B"]
[Site "Havana"]
[Date "1999.??.??"]
[Round "?"]
[White "Montero Fernandez, Reynier"]
[Black "Lopez Hernandez, Carlos Manuel"]
[Result "1/2-1/2"]
[WhiteElo "2261"]
[BlackElo "2295"]
[PlyCount "109"]
[EventDate "1999.??.??"]
[EventType "tourn"]
[EventRounds "14"]
[EventCountry "CUB"]
[SourceTitle "EXT 2000"]
[Source "ChessBase"]
[SourceDate "1999.11.16"]
[SourceVersion "1"]
[SourceVersionDate "1999.11.16"]
[SourceQuality "1"]

1. e4 c5 2. Nf3 Nc6 3. Bb5 e6 4. 0-0 Nge7 5. c3 a6 6. Be2 d5 7. d3 Ng6 8. Re1 Be7 9. Nbd2 0-0 10. Nf1 f5 11. exd5 exd5 12. d4 c4 13. b3 b5 14. a4 Rb8 15. axb5 axb5 16. Ba3 Bxa3 17. Rxa3 Qd6 18. Qc1 f4 19. Bd1 Bf5 20. Ra6 Ra8 21. Rb6 Qd7 22. Bc2 Nce7 23. Bxf5 Nxf5 24. bxc4 bxc4 25. Qb2 Nfh4 26. Nxh4 Nxh4 27. f3 Rae8 28. Rxe8 Qxe8 29. Kf2 Qd8 30. Kg1 Qg5 31. Qe2 h6 32. Re6 Ng6 33. Re8 Rxe8 34. Qxe8+ Kh7 35. Qd7 Nh4 36. Qg4 Nf5 37. Qxg5 hxg5 38. Kf2 Kg6 39. Nd2 Ne3 40. Nb1 Kf5 41. g3 Nd1+ 42. Ke2 Nb2 43. Na3 Na4 44. Nb1 g4 45. Kf2 g5 46. Kg2 gxf3+ 47. Kxf3 g4+ 48. Kf2 Nb2 49. gxf4 Kxf4 50. Ke2 Na4 51. Kf2 Nb6 52. Na3 Nd7 53. Nb5 Nf6 54. Nd6 Nh5 55. Ne8 1/2-1/2